[Event "HUN-chT2 Barcza 1516"]
[Site "Hungary"]
[Date "2015.09.13"]
[Round "1.3"]
[White "Sallai, Janos"]
[Black "Szarvas, Peter"]
[Result "1/2-1/2"]
[WhiteElo "2072"]
[BlackElo "2177"]
[PlyCount "86"]
[EventDate "2015.09.13"]
[EventType "team-tourn"]
[EventRounds "11"]
[EventCountry "HUN"]
[SourceTitle "CBM 170 Extra"]
[Source "ChessBase"]
[SourceDate "2016.02.25"]
[SourceVersion "1"]
[SourceVersionDate "2016.02.25"]
[SourceQuality "1"]
[WhiteTeam "Mezokovesd"]
[BlackTeam "Hajduszoboszlo"]
[WhiteTeamCountry "HUN"]
[BlackTeamCountry "HUN"]

1. e4 c5 2. Nf3 e6 3. d4 cxd4 4. Nxd4 a6 5. c4 Nf6 6. Nc3 Qc7 7. Be2 d6 8. 0-0 Be7 9. f4 Nc6 10. Kh1 Nxd4 11. Qxd4 0-0 12. Bf3 Nd7 13. Be3 Rb8 14. Rac1 b6 15. Rfd1 Rd8 16. f5 Ne5 17. fxe6 fxe6 18. Be2 Bf6 19. Qd2 Nf7 20. b3 Be5 21. Na4 Bd7 22. Qb4 Bxa4 23. Qxa4 Qb7 24. Bf3 b5 25. Qb4 Qe7 26. cxb5 Qh4 27. Bg1 axb5 28. Qe1 Qxe1 29. Rxe1 b4 30. Bg4 Re8 31. Be3 Ra8 32. Re2 g6 33. g3 h5 34. Bf3 Bc3 35. Rd1 Ne5 36. Bg2 Ra6 37. Bd4 Rc8 38. Bxe5 Bxe5 39. Rf1 Rf8 40. Rc2 Ra7 41. Rcf2 Rxf2 42. Rxf2 Bd4 43. Rd2 e5 1/2-1/2

[Event "HUN-chT2 Barcza 1415"]
[Site "Hungary"]
[Date "2015.04.26"]
[Round "11.3"]
[White "Baranyai, Szabolcs Jr"]
[Black "Sallai, Janos"]
[Result "1-0"]
[WhiteElo "2236"]
[BlackElo "2069"]
[PlyCount "94"]
[EventDate "2014.09.07"]
[EventType "team-tourn"]
[EventRounds "11"]
[EventCountry "HUN"]
[SourceTitle "EXT 2016"]
[Source "ChessBase"]
[SourceDate "2015.10.08"]
[SourceVersion "1"]
[SourceVersionDate "2015.10.08"]
[SourceQuality "1"]
[WhiteTeam "Hajduszoboszlo"]
[BlackTeam "Mezokovesd"]
[WhiteTeamCountry "HUN"]
[BlackTeamCountry "HUN"]

1. d4 Nf6 2. c4 c5 3. d5 e6 4. Nf3 exd5 5. cxd5 d6 6. Nc3 g6 7. Bf4 Bg7 8. Qa4+ Bd7 9. Qb3 Qc7 10. h3 0-0 11. e3 a6 12. a4 Bf5 13. Be2 b6 14. Nd2 Rd8 15. Nc4 Ne8 16. Qxb6 Qe7 17. 0-0 Nd7 18. Qb3 Rdb8 19. Qd1 Nb6 20. Na5 Bd7 21. Nc6 Bxc6 22. dxc6 Qc7 23. Bf3 Nc4 24. Nd5 Qd8 25. c7 Nxc7 26. Nxc7 Qxc7 27. Bxa8 Rxa8 28. Qd5 Nb6 29. Qxd6 Qxd6 30. Bxd6 Nc4 31. Bxc5 Nd2 32. b4 Bxa1 33. Rxa1 Nb3 34. Rb1 Nxc5 35. bxc5 Rc8 36. Rc1 Kf8 37. Kf1 Ke7 38. Ke2 Ke6 39. e4 f5 40. Ke3 Rb8 41. exf5+ gxf5 42. c6 Rc8 43. Kf4 Rc7 44. f3 Kd5 45. Kxf5 Rxc6 46. Rxc6 Kxc6 47. Ke6 Kc5 1-0

[Event "HUN-chT2 Barcza 1415"]
[Site "Hungary"]
[Date "2014.11.16"]
[Round "4.3"]
[White "Bartha, Laszlo"]
[Black "Sallai, Janos"]
[Result "0-1"]
[WhiteElo "2028"]
[BlackElo "2069"]
[PlyCount "116"]
[EventDate "2014.09.07"]
[EventType "team-tourn"]
[EventRounds "11"]
[EventCountry "HUN"]
[SourceTitle "EXT 2016"]
[Source "ChessBase"]
[SourceDate "2015.10.08"]
[SourceVersion "1"]
[SourceVersionDate "2015.10.08"]
[SourceQuality "1"]
[WhiteTeam "Tiszavasvar"]
[BlackTeam "Mezokovesd"]
[WhiteTeamCountry "HUN"]
[BlackTeamCountry "HUN"]

1. d4 Nf6 2. Nf3 e6 3. g3 c5 4. Bg2 Nc6 5. 0-0 cxd4 6. Nxd4 Bc5 7. Nxc6 bxc6 8. c4 0-0 9. e4 Ba6 10. Qa4 Qb6 11. h3 d5 12. exd5 exd5 13. Nd2 Nh5 14. Nb3 Bxc4 15. Nxc5 Qxc5 16. Be3 Qd6 17. Rfd1 Be2 18. Rd2 Bb5 19. Qd1 Nf6 20. Rc1 Rfe8 21. Qc2 Re6 22. a4 Ba6 23. Qc3 Bb7 24. Qb3 Qe7 25. Rdc2 Ne4 26. Kh2 a6 27. Bb6 Re8 28. h4 Rh6 29. Bxe4 dxe4 30. Be3 Rg6 31. Rd2 Bc8 32. Rcd1 h6 33. Bc5 Qf6 34. Rd6 Be6 35. Qe3 Qf5 36. Rd8 Rxd8 37. Rxd8+ Kh7 38. b4 Qh3+ 39. Kg1 Qxh4 40. Rd4 Bd5 41. b5 axb5 42. axb5 f5 43. Kf1 Qh1+ 44. Ke2 Qb1 45. Rb4 Bc4+ 46. Rxc4 Qa2+ 47. Ke1 Qxc4 48. b6 f4 49. Qa3 e3 50. b7 exf2+ 51. Bxf2 Re6+ 52. Be3 Rxe3+ 53. Qxe3 fxe3 54. b8Q Qc1+ 55. Ke2 Qd2+ 56. Kf3 Qf2+ 57. Kg4 h5+ 58. Kxh5 Qf5+ 0-1

[Event "HUN-chT2 Barcza 1415"]
[Site "Hungary"]
[Date "2014.09.07"]
[Round "?"]
[White "Sallai, Janos"]
[Black "Csatlos, Bela"]
[Result "1/2-1/2"]
[WhiteElo "2069"]
[BlackElo "2152"]
[PlyCount "35"]
[EventDate "2014.09.07"]
[EventType "team-tourn"]
[EventRounds "11"]
[EventCountry "HUN"]
[SourceTitle "EXT 2016"]
[Source "ChessBase"]
[SourceDate "2015.10.08"]
[SourceVersion "1"]
[SourceVersionDate "2015.10.08"]
[SourceQuality "1"]
[WhiteTeam "Mezokovesd"]
[BlackTeam "Kazincbarcika"]
[WhiteTeamCountry "HUN"]
[BlackTeamCountry "HUN"]

1. e4 e6 2. d4 d5 3. exd5 exd5 4. Bd3 Nc6 5. c3 Bd6 6. h3 Nge7 7. Nf3 Bf5 8. Bg5 f6 9. Be3 Qd7 10. b4 0-0-0 11. a4 Rde8 12. Na3 Bxd3 13. Qxd3 Nf5 14. Nc2 g5 15. b5 Na5 16. Nd2 h5 17. 0-0-0 Kb8 18. Rde1 1/2-1/2

[Event "HUN-chT2 Erkel 1314"]
[Site "Hungary"]
[Date "2014.04.13"]
[Round "10.2"]
[White "Sallai, Janos"]
[Black "Kovacs, Lajos1"]
[Result "1-0"]
[WhiteElo "2066"]
[BlackElo "2227"]
[PlyCount "67"]
[EventDate "2013.09.08"]
[EventType "team-tourn"]
[EventRounds "11"]
[EventCountry "HUN"]
[SourceTitle "EXT 2016"]
[Source "ChessBase"]
[SourceDate "2015.10.08"]
[SourceVersion "1"]
[SourceVersionDate "2015.10.08"]
[SourceQuality "1"]
[WhiteTeam "Mezokovesd"]
[BlackTeam "Dunaharaszti II"]
[WhiteTeamCountry "HUN"]
[BlackTeamCountry "HUN"]

1. e4 a6 2. d4 c5 3. d5 d6 4. c4 g6 5. Nc3 Bg7 6. Bd3 Nd7 7. f4 e6 8. a4 Qh4+ 9. g3 Qd8 10. Nf3 Ne7 11. 0-0 0-0 12. Bc2 exd5 13. cxd5 f5 14. Ng5 Nf6 15. e5 Ng4 16. h3 Nh6 17. e6 Rb8 18. Qd3 b5 19. axb5 axb5 20. Rd1 b4 21. Na4 Qc7 22. Bb3 Bb7 23. Be3 Ra8 24. Rac1 Ra5 25. Qc4 Rc8 26. Kh2 Bf6 27. Qc2 Qd8 28. Qf2 Bxd5 29. Rxd5 Rxa4 30. Qd2 Nxd5 31. Qxd5 Qe8 32. Bxa4 Qxa4 33. Qb7 Bxg5 34. Qxc8+ 1-0

[Event "HUN-chT2 Erkel 1314"]
[Site "Hungary"]
[Date "2014.02.02"]
[Round "6.2"]
[White "Sallai, Janos"]
[Black "Blasko, Istvan"]
[Result "0-1"]
[WhiteElo "2066"]
[BlackElo "2303"]
[PlyCount "106"]
[EventDate "2013.09.08"]
[EventType "team-tourn"]
[EventRounds "11"]
[EventCountry "HUN"]
[SourceTitle "EXT 2016"]
[Source "ChessBase"]
[SourceDate "2015.10.08"]
[SourceVersion "1"]
[SourceVersionDate "2015.10.08"]
[SourceQuality "1"]
[WhiteTeam "Mezokovesd"]
[BlackTeam "Gyongyos Matra"]
[WhiteTeamCountry "HUN"]
[BlackTeamCountry "HUN"]

1. e4 c5 2. Nc3 Nc6 3. g3 g6 4. Bg2 Bg7 5. d3 d6 6. Nh3 e6 7. 0-0 Nge7 8. Bg5 0-0 9. Qd2 Rb8 10. Bh6 b5 11. Bxg7 Kxg7 12. a3 a5 13. f4 Nd4 14. Ng5 Qb6 15. Kh1 b4 16. Ne2 Bd7 17. Nxd4 cxd4 18. axb4 axb4 19. b3 Rbc8 20. Ra2 Rc7 21. Qf2 h6 22. Nf3 Nc6 23. Rfa1 Qc5 24. Nd2 Ra7 25. Nf3 Rfa8 26. Rxa7 Rxa7 27. Rxa7 Qxa7 28. Qe1 Qa2 29. Qc1 e5 30. Nd2 Na5 31. h3 Be6 32. Qd1 Nc6 33. f5 Bc8 34. Nc4 d5 35. exd5 Ne7 36. Nxe5 Nxf5 37. Kh2 Ne3 38. Qe2 Qa7 39. Nc4 Qe7 40. Be4 f5 41. Bf3 f4 42. g4 Qh4 43. Nxe3 Qg3+ 44. Kh1 Qxh3+ 45. Kg1 dxe3 46. Qg2 Qxg2+ 47. Kxg2 h5 48. gxh5 g5 49. d6 Bd7 50. Be2 g4 51. d4 Kh6 52. Bc4 f3+ 53. Kf1 Kxh5 0-1

[Event "HUN-chT2 Erkel 1314"]
[Site "Hungary"]
[Date "2013.09.08"]
[Round "1.1"]
[White "Mika, Janos"]
[Black "Sallai, Janos"]
[Result "0-1"]
[WhiteElo "2228"]
[BlackElo "2066"]
[PlyCount "66"]
[EventDate "2013.09.08"]
[EventType "team-tourn"]
[EventRounds "11"]
[EventCountry "HUN"]
[SourceTitle "EXT 2016"]
[Source "ChessBase"]
[SourceDate "2015.10.08"]
[SourceVersion "1"]
[SourceVersionDate "2015.10.08"]
[SourceQuality "1"]
[WhiteTeam "Vizugy"]
[BlackTeam "Mezokovesd"]
[WhiteTeamCountry "HUN"]
[BlackTeamCountry "HUN"]

1. Nf3 c5 2. e4 Nc6 3. d4 cxd4 4. Nxd4 Nf6 5. Nc3 Qb6 6. Nb3 e6 7. Be3 Qc7 8. a3 a6 9. f4 d6 10. Qf3 Be7 11. Bd3 0-0 12. 0-0 Bd7 13. g4 Na5 14. g5 Ne8 15. Qh5 g6 16. Qh6 Nc4 17. Bxc4 Qxc4 18. f5 exf5 19. Rf4 f6 20. e5 Qe6 21. Rh4 Rf7 22. gxf6 Bf8 23. Qg5 dxe5 24. Nc5 Bxc5 25. Bxc5 Nxf6 26. Re1 Bc6 27. Rd4 Rd7 28. Rxd7 Nxd7 29. Bf2 Re8 30. h4 Kg7 31. Be3 Nf6 32. Qh6+ Kg8 33. Bd4 Qc4 0-1

[Event "HUN-chT2 Erkel 1213"]
[Site "Hungary"]
[Date "2013.02.17"]
[Round "7.2"]
[White "Tomosvary, Attila"]
[Black "Sallai, Janos"]
[Result "1-0"]
[WhiteElo "2146"]
[BlackElo "2037"]
[PlyCount "89"]
[EventDate "2012.09.16"]
[EventType "team-tourn"]
[EventRounds "11"]
[EventCountry "HUN"]
[SourceTitle "EXT 2014"]
[Source "ChessBase"]
[SourceDate "2013.11.20"]
[SourceVersion "1"]
[SourceVersionDate "2013.11.20"]
[SourceQuality "1"]
[WhiteTeam "Vizugy"]
[BlackTeam "Mezokovesd"]
[WhiteTeamCountry "HUN"]
[BlackTeamCountry "HUN"]

1. e4 c5 2. Nc3 Nc6 3. f4 e6 4. Nf3 d5 5. Bb5 Nge7 6. exd5 exd5 7. Qe2 Be6 8. Ne5 Qd6 9. Bxc6+ bxc6 10. Qa6 Qc7 11. 0-0 g6 12. b3 Bg7 13. Ba3 Qb6 14. Qe2 c4+ 15. Kh1 cxb3 16. axb3 Qc7 17. Qa6 Bc8 18. Qa4 Bxe5 19. fxe5 Bd7 20. Qh4 Be6 21. Na4 g5 22. Qxg5 Rg8 23. Qxe7+ Qxe7 24. Bxe7 Kxe7 25. d4 Rg4 26. c3 Rg6 27. Nb6 Rb8 28. Rxa7+ Ke8 29. Ra8 Rxa8 30. Nxa8 Ke7 31. Nb6 h5 32. Kg1 h4 33. Kf2 Rg8 34. Ra1 Bf5 35. Ra7+ Ke6 36. Rc7 Be4 37. Rxc6+ Ke7 38. g3 hxg3+ 39. hxg3 Rh8 40. Rd6 Rh2+ 41. Ke3 Rg2 42. Nxd5+ Bxd5 43. Rxd5 Rxg3+ 44. Kd2 Rg2+ 45. Kd3 1-0

[Event "HUN-chT2 Erkel 1213"]
[Site "Hungary"]
[Date "2012.09.16"]
[Round "1.3"]
[White "Sallai, Janos"]
[Black "Bencze, Laszlo"]
[Result "0-1"]
[WhiteElo "2037"]
[BlackElo "2200"]
[PlyCount "110"]
[EventDate "2012.09.16"]
[EventType "team-tourn"]
[EventRounds "11"]
[EventCountry "HUN"]
[SourceTitle "EXT 2014"]
[Source "ChessBase"]
[SourceDate "2013.11.20"]
[SourceVersion "1"]
[SourceVersionDate "2013.11.20"]
[SourceQuality "1"]
[WhiteTeam "Mezokovesd"]
[BlackTeam "Dunaharaszti"]
[WhiteTeamCountry "HUN"]
[BlackTeamCountry "HUN"]

1. e4 e6 2. d4 d5 3. exd5 exd5 4. Bd3 Nf6 5. Bg5 Be7 6. Ne2 0-0 7. 0-0 Bg4 8. Re1 c6 9. f3 Bh5 10. Nf4 Bg6 11. Nxg6 hxg6 12. Nd2 Nbd7 13. Nb3 Bd6 14. Qd2 Qc7 15. g3 b6 16. Rad1 c5 17. dxc5 bxc5 18. c4 Ne5 19. Be2 d4 20. Bxf6 gxf6 21. f4 Nd7 22. Bf3 Rab8 23. Nc1 a5 24. b3 a4 25. Re2 axb3 26. axb3 Rfd8 27. Rde1 Kg7 28. Bg2 Rb4 29. Re8 Rdb8 30. Rxb8 Qxb8 31. Bh3 f5 32. Bg2 Nf6 33. Bf3 Qa7 34. Qd3 Qa3 35. Rd1 Rb6 36. Re1 Bc7 37. Qd1 Qa1 38. Qc2 Rb8 39. Nd3 Qa3 40. Nc1 Ba5 41. Rd1 Re8 42. Kf2 Ne4+ 43. Kg2 Nc3 44. Rf1 Re3 45. h3 Ne4 46. Rd1 Rc3 47. Qb1 Re3 48. Qc2 Bb4 49. Nd3 Qa5 50. Nf2 Nd2 51. Bd5 Rc3 52. Qb2 Rxb3 53. Qa1 Ra3 54. Qc1 Ra2 55. Kg1 Ba3 0-1